000 00618nam a2200217 i 4500
001 bgj
100 1 _aFreud, Sigmund
_d(1856-1939).
245 1 0 _aTotem und Tabu :
_beinige Übereinstimmungen im Seelenleben der Wilden und der Neurotiker /
_cSigmund Freud.
260 _aFrankfurt am Main :
_bFischer Bücherei,
_c1956.
300 _a188 s. ;
_c18 cm.
490 1 _aBücher des Wissens
_v147
504 _aIndeks.
650 9 _aPsychologia
830 _aBücher des Wissens
040 _cBPK
041 0 _ager
044 _aDEU
080 _a159.9
942 _cKS
008 s gw f |000 0 ger
999 _c50711
_d50711
856 _uhttp://koha.tu.koszalin.pl/cgi-bin/koha/opac-detail.pl?biblionumber=50711
_yKatalog online BPK